| 000 | 00349 a2200109 4500 | ||
|---|---|---|---|
| 001 | ART_51135 | ||
| 005 | 20260410161810.0 | ||
| 008 | 260409a | ||
| 245 | 1 | 0 | _aEl acuerdo preventivo extrajudicial frente al "coronacrash" |
| 100 | 1 | _aMozzi, Germán D. | |
| 773 | 0 |
_tDoctrina Societaria y Concursal _g- N° 392 (jul. 2020) _wREV4298 |
|
| 999 |
_c21375 _d21375 |
||